000
00257nam a2200097Ia 4500
001
879937
005
20250826182612.0
008
250824s9999 xx 000 0 und d
245
0
_a
KENDİNİ BİLEN RABB İNİ BİLİR
_c
UĞUR KOŞAR
260
_b
DESTEK YAYINLARI
999
_c
879937
_d
879937